LEADER 01516nam0 22003973i 450 001 MIL0703300 005 20251003044236.0 010 $a0521845041$bhbk 010 $a9780521845045$bhbk 100 $a20081125d2006 ||||0itac50 ba 101 | $aeng 102 $agb 181 1$6z01$ai $bxxxe 182 1$6z01$an 200 1 $aIntroduction to coding theory$fRon M. Roth 210 $aCambridge$cCambridge University press$d2006 215 $aXI, 566 p.$d26 cm 300 $aBibliografia: P. 527-552. 606 $aCodici di correzione degli errori$2FIR$3CFIC075999$9E 606 $aTeoria dell'informazione$2FIR$3CFIC087999$9E 606 $aTeoria delle code$2FIR$3CFIC068681$9E 676 $a003$9SISTEMI$v14 676 $a003.54$9SCIENZA DELL'INFORMAZIONE$v20 676 $a003.54$9Sistemi. Teoria dell'informazione$v22 696 $aCodici correttori$aCodici a correzione di errori 699 $aCodici di correzione degli errori$yCodici correttori 699 $aCodici di correzione degli errori$yCodici a correzione di errori 700 1$aRoth$b, Ron M.$3MILV317860$4070$0770678 801 3$aIT$bIT-000000$c20081125 850 $aIT-BN0095 901 $bNAP 01$cSALA DING $n$ 912 $aMIL0703300 950 0$aBiblioteca Centralizzata di Ateneo$b1 v.$c1 v.$d 01SALA DING 003 ROT.in$e 0102 0000060565 VMA A4 1 v.$fY $h20070108$i20070108 977 $a 01 996 $aIntroduction to coding theory$91572611 997 $aUNISANNIO